Những mẩu chuyện lịch sử nổi tiếng Trung Quốc 10 đại hoàng đế Trung Quốc

שמור ב:
מידע ביבליוגרפי
מחבר ראשי: Lưu Huy
פורמט: ספר
שפה:Undetermined
יצא לאור: Tp. HCM Trẻ 1999
נושאים:
תגים: הוספת תג
אין תגיות, היה/י הראשונ/ה לתייג את הרשומה!
Thư viện lưu trữ: Trung tâm Học liệu Trường Đại học Cần Thơ
LEADER 00526nam a2200181Ia 4500
001 CTU_30698
008 210402s9999 xx 000 0 und d
082 |a 951 
082 |b K308h 
100 |a Lưu Huy 
245 0 |a Những mẩu chuyện lịch sử nổi tiếng Trung Quốc 
245 0 |b 10 đại hoàng đế Trung Quốc 
245 0 |c Lưu Huy 
260 |a Tp. HCM 
260 |b Trẻ 
260 |c 1999 
650 |a china - history 
980 |a Trung tâm Học liệu Trường Đại học Cần Thơ